| 000 | 01098cam a22003613a 4500 | ||
|---|---|---|---|
| 001 | 2915 | ||
| 003 | FISKH | ||
| 005 | 20240123112823.0 | ||
| 008 | 940315s1994 nyu j 000 1 eng d | ||
| 010 | _a 2003586883 | ||
| 020 | _a0590477404 | ||
| 020 | _a078073003990 | ||
| 035 | _a(OCoLC)ocm29967797 | ||
| 040 |
_aJBL _cJBL _dSLC _dDLC _beng |
||
| 042 | _alccopycat | ||
| 050 | 0 | 0 | _aPZ7.S86037 |
| 082 | _a813.54 | ||
| 100 | 1 | _aStine, R. L. | |
| 245 | 1 | 0 |
_aMonster blood II / _cR.L. Stine. |
| 250 | _aThis edition published in 2006 | ||
| 260 |
_aNew York : _bScholastic, _c1994. |
||
| 300 |
_a121 pages ; _c20 cm |
||
| 490 | 1 |
_aGoosebumps ; _vBook 18 |
|
| 505 | _aM | ||
| 520 | _aEvan is stuck cleaning out hamster cages as a punishment for making up stories because his science teacher didn't believe his story about Monster Blood. | ||
| 521 | 0 |
_a530
_bLexile |
|
| 521 | 1 |
_aM
_bRaz-Plus |
|
| 650 | 0 | _aHorror tales. | |
| 655 | 7 |
_aHorror fiction. _2gsafd |
|
| 655 | 7 |
_aFantasy fiction. _2gsafd |
|
| 906 |
_a7 _bcbc _ccopycat _d2 _encip _f20 _gy-genrareb |
||
| 942 |
_2ddc _cBK _n0 |
||
| 999 |
_c2915 _d2915 |
||